The human revolution. (Record no. 12700)
[ view plain ]
| 000 -LEADER | |
|---|---|
| fixed length control field | 00441cam a2200169 4500 |
| 020 ## - INTERNATIONAL STANDARD BOOK NUMBER | |
| ISBN | 0834800748 |
| 020 ## - INTERNATIONAL STANDARD BOOK NUMBER | |
| ISBN | 083480087x (v.2) |
| 040 ## - CATALOGING SOURCE | |
| Transcribing agency | DLC |
| 082 00 - DEWEY DECIMAL CLASSIFICATION NUMBER | |
| Classification number | 895 WEA 1972 A093 Or. |
| 100 1# - MAIN ENTRY--AUTHOR NAME | |
| Personal name | Ikeda, Daisaku |
| 245 14 - TITLE STATEMENT | |
| Title | The human revolution. |
| 250 ## - EDITION STATEMENT | |
| Edition statement | [1st ed.] |
| 260 ## - PUBLICATION, DISTRIBUTION, ETC. (IMPRINT) | |
| Place of publication | New York : |
| Name of publisher | Weatherhill, |
| Year of publication | [1972- |
| 300 ## - PHYSICAL DESCRIPTION | |
| Number of Pages | v. |
| Other physical details | illus. |
| Dimensions | 22 cm |
| 500 ## - GENERAL NOTE | |
| General note | "Condensed English translation of ... Ningen kakumei." |
| 942 ## - ADDED ENTRY ELEMENTS (KOHA) | |
| Koha item type | សៀវភៅភាសាអង់គ្លេស |
| 952 ## - LOCATION AND ITEM INFORMATION (KOHA) | |
| Withdrawn status [LOCAL, KOHA] | 0 |
| Permanent Location | Date acquired | Koha item type | Lost status | Shelving location | Barcode | Current Location | Full call number |
|---|---|---|---|---|---|---|---|
| Library Block A | 2017-08-16 | សៀវភៅភាសាអង់គ្លេស | A097 | A24306 | Library Block A | 895 WEA 1972 A097 Or. |